Bush on the couch: (Record no. 283272)
[ view plain ]
| 000 -LEADER | |
|---|---|
| fixed length control field | 00537nam a2200157Ia 4500 |
| 008 - FIXED-LENGTH DATA ELEMENTS--GENERAL INFORMATION | |
| fixed length control field | 150223s9999 xx 000 0 und d |
| 020 ## - INTERNATIONAL STANDARD BOOK NUMBER | |
| International Standard Book Number | 60736712 |
| 050 ## - LIBRARY OF CONGRESS CALL NUMBER | |
| Classification number | E 882 |
| Item number | .F828 2004 |
| 100 ## - MAIN ENTRY--PERSONAL NAME | |
| Personal name | Frank, Justin A.. |
| 245 ## - TITLE STATEMENT | |
| Title | Bush on the couch: |
| Remainder of title | inside the mind of the president / |
| Statement of responsibility, etc | Justin A. Frank |
| 260 ## - PUBLICATION, DISTRIBUTION, ETC. (IMPRINT) | |
| Place of publication, distribution, etc | New york: |
| Name of publisher, distributor, etc | HarperCollins Publishers Inc., |
| Date of publication, distribution, etc | 2004 |
| 300 ## - PHYSICAL DESCRIPTION | |
| Extent | 268 pages : |
| Other physical details | Illustration; |
| Dimensions | 23 cm. |
| 504 ## - BIBLIOGRAPHY, ETC. NOTE | |
| Bibliography, etc | Includes acknowledgements and Index. |
| 650 ## - SUBJECT ADDED ENTRY--TOPICAL TERM | |
| Topical term or geographic name as entry element | affiliabilty and disability |
| 650 ## - SUBJECT ADDED ENTRY--TOPICAL TERM | |
| Topical term or geographic name as entry element | The first family. |
No items available.